000 00722nam a22002177a 4500
003 OSt
005 20230119160108.0
008 221006b |||||||| |||| 00| 0 eng d
020 _a2 86656 130 9
040 _cBiblioteca Lado V
082 _a708
_bT113l
100 _9591
_aArtmedia Catalogo
_eautor
245 _aL'art Contemporain/
_bau Musee national d'art moderne/
260 _bScala Centre Georges Pompidou
_aParis
_c1994
300 _a126p.
_c17x20cm
650 _2Tesauro de Arte & Arquitectura
_aCATALOGO
650 _2Tesauro de Arte & Arquitectura
_aEXHIBICION
650 _2Tesauro de Arte & Arquitectura
_aARTE
710 _aTableaux Choisis
_eautor
942 _2ddc
_c1
_h708
_iD671l
_n0
999 _c2852
_d2852